Hati Resah Terbuli Rindu

Bibliographic Details
Main Author: Syed Mahadzir
Format: Book
Published: Selangor : Cooray's House Of Publication Sdn Bhd , (s.n)
Series:Siri Hentikan buli

MARC

LEADER 00000cam a2200000 7i4500
001 0000051720
005 20151231.0
008 150906
020 |a 9832852811(set) 
020 |a 9833704026 
090 0 0 |a MOR   |b MAL 
100 0 |a Syed Mahadzir 
245 1 0 |a Hati Resah Terbuli Rindu   |c Syed Mahadzir 
260 |a Selangor :   |b Cooray's House Of Publication Sdn Bhd ,   |c (s.n) 
490 0 |a Siri Hentikan buli 
999 |a 0001042845   |b Book   |c Children Collection   |e Cawangan Bandar Penawar 
999 |a 0001042846   |b Book   |c Teenagers   |e Cawangan Bandar Tenggara 
999 |a 0001052133   |b Book   |c Children Collection   |e Cawangan Taman Universiti 
999 |a 0001052135   |b Book   |c Children Collection   |e Cawangan Mersing 
999 |a 0001052136   |b Book   |c Children Collection   |e Cawangan Kota Tinggi 
999 |a 0001052137   |b Book   |c Children Collection   |e Cawangan Bandar Penawar 
999 |a 0001052138   |b Book   |c Children Collection   |e Cawangan Segamat 
999 |a 0001052139   |b Book   |c Children Collection   |e Cawangan Taman Universiti 
999 |a 0001075544   |b Book   |c Children Collection   |e Cawangan Mersing 
999 |a 0001075562   |b Book   |c Children Collection   |e Cawangan Segamat 
999 |a 0001075763   |b Book   |c Children Collection   |e Cawangan Bandar Penawar 
999 |a 0001130711   |b Book   |c Children Collection   |e Cawangan Taman Sri Lambak 
999 |a 0001133974   |b Book   |c Children Collection   |e Cawangan Batu Pahat 
999 |a 0001138930   |b Book   |c Children Collection   |e Cawangan Taman Universiti